000 00762cab a2200241 4500
001 WB2844-36
008 090401t1992 xxu||||| |||| 00| 0 eng d
035 _a(Sirsi) u59629
041 _aeng
245 _aCBI call for planning code rejected
260 _c1992
350 _a0
490 _aFinancial Times
_v10 November 1992, 13(2)
520 _aWhilst accepting that industry needs more certainty in planning, the Government has rejected CBI proposals for an annual policy paper on land use and infrastructure planning.
650 _aCBI CONFERENCE
650 _aCBI
650 _aINFRASTRUCTURE PLANNING
650 _aLAND USE POLICY
650 _aPLANNING POLICY
690 _aPLANNING LAW AND PRACTICE
942 _n0
948 _c04/03/1997
999 _c36610
_d36610